000 01336nam a2200217 4500
003 CO-ViMGA
020 _a9789587577679
040 _aCO-ViMGA
_bspa
_cCO-ViMGA
082 0 4 _a808.02
_bE48m
245 1 0 _aManual de redacción
_b El Tiempo
_ccoordinación y redacción Andres Mompotes Lemos ; equipo de redacción Eduardo Parra ... [y otros tres] ; colaboradores Federico Arango [y otros seis]"
260 _aBogotá
_b Intermedio
300 _a205 páginas
_b24 cm
490 _aPlan Nacional de Lectura y Escritura Leer es mi Cuento / Ministerio de Cultura
500 _aIncluye bibliografía al final del texto \ Recomendado para un público mayor de 15 años
650 1 4 _aArte De Escribir - Manuales
_913423
650 1 4 _aEspañol - Ortografia - Manuales
_913424
650 1 4 _aEstilo Literario - Manuales
_913425
650 1 4 _aRedaccion - Manuales
_913426
700 1 _aMompotes Lemos, Andrés Parra, Eduardo Garibello, Andrés Guzmán, Julio César Toro, Perla Arango, Federico Bedoya Lima, Jineth Morelo, Ginna Pizarro, Danilo Gómez, Marisol Narváez, Diego Dueñas, Jaime \ Mompotes Lemos, Andrés \ Parra, Eduardo \ Garibello, Andrés \ Guzmán, Julio César \ Toro, Perla \ Arango, Federico \ Bedoya Lima, Jineth \ Morelo, Ginna \ Pizarro, Danilo \ Gómez, Marisol \ Narváez, Diego \ Dueñas, Jaime
_913427
942 _2ddc
_cBK
999 _c8631
_d8631